|
|
|
|
| LEADER |
00000nab a2200000 ar4500 |
| 001 |
vtls010122484 |
| 003 |
SK-MaSNL |
| 005 |
20260303190445.0 |
| 008 |
100811c20100724xo ||||||||||||00 b|slo |
| 015 |
|
|
|a SNBRBL2010/08
|2 snkbucl
|
| 038 |
|
|
|a SNKBUCL
|
| 040 |
|
|
|a SNKBUCL
|b slo
|c SNKBUCL
|e AACR2
|
| 041 |
0 |
|
|a slo
|
| 044 |
|
|
|a xo
|c SK
|
| 080 |
|
|
|a 796.433.4.071
|2 1997
|
| 080 |
|
|
|a 929 Charfreitag, Libor
|2 1997
|
| 100 |
1 |
|
|a Riša, Roman
|4 ivr
|4 aut
|9 329106
|
| 245 |
1 |
0 |
|a "Som líder a dúfam, že na ME sa budem tak aj správať"
|b s Liborom Charfreitagom, ktorý zažíva lepšiu sezónu ako vlani a má v pláne získať v Barcelone medailu
|c Roman Riša
|
| 300 |
|
|
|b Fotogr.
|
| 600 |
1 |
7 |
|a Charfreitag, Libor,
|d 1977-
|2 snkbucl
|9 107179
|
| 650 |
0 |
7 |
|a atletika
|2 snkbucl
|9 3279
|
| 650 |
0 |
7 |
|a hod kladivom
|2 snkbucl
|9 22918
|
| 655 |
|
7 |
|a rozhovory
|2 snkbucl
|9 31831
|
| 700 |
1 |
|
|a Charfreitag, Libor,
|d 1977-
|4 ive
|4 aut
|9 107179
|
| 773 |
0 |
|
|t Šport
|g Roč. 64, č. 169 (24.7.2010), s. 30-31
|x 0139-7001
|
| 852 |
|
|
|a SNK
|b KIS3GCP
|
| 856 |
|
|
|u http://denniksport.sk/article/141128/som-lider-a-dufam-ze-na-me-sa-budem-tak-aj-spravat
|
| 958 |
|
|
|a BX
|
| 999 |
|
|
|c 2136358
|d 2138288
|